| 000 | 00856nam a22002177a 4500 | ||
|---|---|---|---|
| 003 | BUBTL | ||
| 008 | 220405b ||||| |||| 00| 0 eng d | ||
| 020 | _a9789843496157 | ||
| 082 | _a342.05492/ Al101g/ 2022 | ||
| 100 |
_94541 _aআল-অমিন |
||
| 245 |
_aগণপ্রজাতন্ত্রী বাংলাদেশের সংবিধান পাঠ / _cআল-অমিন |
||
| 250 | _a2nd Edn. | ||
| 260 |
_aঢাকা: _bকথন প্রকাশনী, _cc2022 |
||
| 300 |
_a464 p.: _c20 cm. |
||
| 505 | _aগণপ্রজাতন্ত্রী বাংলাদেশের সংবিধান পাঠ, আল-অমিন | ||
| 650 | 0 |
_926 _aLaw |
|
| 700 |
_94542 _aতামান্না, ফরিদা |
||
| 856 |
_k0 _l0 _yDownload |
||
| 942 |
_2ddc _cBK |
||
| 999 |
_c6677 _d6677 |
||